000 00693nam a2200241Ia 4500
003 OSt
005 20220927110352.0
006 a|||||r|||| 00| 0
007 ta
008 220926b |||||||| |||| 00| 0 eng d
024 _a26575
037 _cReports
040 _aRTL
_cRTL
_beng
041 _2eng
_aeng
082 _a"X:54, L2/UN"
111 _aUnited nations conference on trade and development (Geneva)
245 0 _aInternational monetary situation
_b Impact on world trade and development report
260 _aNew
_bYork United Nations USA
_c1972
300 _a"vii,70p."
_ccm.
650 _aExport
942 _h"X:54, L2/UN"
_cCC
999 _c695926
_d695926